Last 10 US States to join the Union - Statistics

General Stats
  • This quiz has been taken 79 times
    61 since last reset
  • The average score is 9 of 10
Answer Stats
Date Joined Answer % Correct
3/1/1959 Alaska
100%
21/8/1959 Hawaii
100%
6/1/1912 New Mexico
98%
14/2/1912 Arizona
95%
8/11/1889 Montana
93%
11/11/1889 Washington
93%
4/1/1896 Utah
90%
3/7/1890 Idaho
88%
10/7/1890 Wyoming
80%
16/11/1907 Oklahoma
71%
No matching quizzes found
Score Distribution
Percent of People with Each Score
Percentile by Number Answered
Your Score History
You have not taken this quiz since the last reset